Human relationship skills : traning and self-helpsecond edition
| Main Author: | |
|---|---|
| Format: | Book |
| Published: |
London :
Cassell Educational ,
1993
|
| Subjects: |
MARC
| LEADER | 00000cam a2200000 7i4500 | ||
|---|---|---|---|
| 001 | 0000006463 | ||
| 002 | 000006975 | ||
| 005 | 20000330.0 | ||
| 020 | |a 0304319627 | ||
| 090 | 0 | 0 | |a 158.2/NEL |
| 100 | 1 | |a Nelson-Jones, Richard | |
| 245 | 1 | 0 | |a Human relationship skills : |b traning and self-helpsecond edition |c Richard Nelson-Jones |
| 260 | |a London : |b Cassell Educational , |c 1993 | ||
| 300 | |a 322p. ; |c 21cm. | ||
| 650 | 0 | 0 | |a Interpersonal relations |
| 999 | |a 038034 |b BUKU |c PINJAMAN |e PERPUSTAKAAN KOMUNITI PETALING JAYA | ||